000 00585nam a2200181 i 4500
001 62733
003 ES-MaACL
005 20251120142804.0
007 t|
008 031125s1909 sp ||||1| spa d
100 1 _aFernández Blanco, Ricardo.
_949517
245 1 0 _aCon la guitarra
_b: (cantares) /
_cRicardo Fernández Blanco ; prólogo de Francisco Rodríguez Marin.
260 _aMadrid :
_bR. Velasco,
_c1909.
300 _a111 p. ;
_c19 cm.
700 1 _aRodríguez Marín, Francisco,
_d1855-1943
_998634
852 _aES-MaACL
_jT-1251-F-2
999 _c62733
_d62733